000 00584nam a22002172 4500
001 0000003813
005 20151217145740.0
008 070515s xx 000 0 eng d
020 _a0471609978 :
_cGBP 55.95
040 _aKABU
_cKABU
050 0 _aQC688
_b.Y37 1989
100 1 _aYariv, Amnon.
_@0000153993
245 1 0 _aQuantum electronics.
250 _a3rd ed.
260 _aNew York :
_bJ. Wiley,
_c1989.
300 _axx, 676 p.
650 0 _aQuantum electronics.
_@0000153994
908 _a070515
950 _@1
999 _c2239
_d2239